[Event "Quebec-ch U18"]
[Site "Montreal CAN"]
[Date "2008.04.20"]
[Round "4"]
[White "Roy, Myriam"]
[Black "Deschenes, Marc-Andre"]
[Result "1-0"]
[WhiteElo "1892"]
[BlackElo "1655"]
[PlyCount "97"]
[GameId "2160767910351098"]
[EventDate "2008.04.18"]
[EventType "tourn"]
[EventRounds "5"]
[EventCountry "CAN"]
[SourceTitle "EXT 2011"]
[Source "ChessBase"]
[SourceDate "2011.11.26"]
[SourceVersion "1"]
[SourceVersionDate "2011.11.26"]
[SourceQuality "1"]

1. e4 c5 2. Nf3 a6 3. d4 cxd4 4. Nxd4 Nf6 5. Nc3 e5 6. Nf3 Bb4 7. Qd3 O-O 8. Bd2 Qe7 9. Nd5 Nxd5 10. Qxd5 Bxd2+ 11. Qxd2 d6 12. Rd1 Rd8 13. Bc4 h6 14. O-O Nc6 15. Bd5 Bg4 16. Qe3 Rac8 17. c3 Qc7 18. h3 Bh5 19. Rd2 Ne7 20. Rfd1 Bxf3 21. Qxf3 Nxd5 22. Rxd5 Rd7 23. Qd3 Rcd8 24. c4 b6 25. b4 Kf8 26. c5 bxc5 27. bxc5 Ke7 28. cxd6+ Rxd6 29. Rxe5+ Kf6 30. Rf5+ Kg6 31. Rd5 Rxd5 32. exd5+ f5 33. Qxa6+ Rd6 34. Qd3 Kf6 35. Qd4+ Kf7 36. Qe5 Qd7 37. Qd4 Qe7 38. a4 g6 39. Kf1 Qb7 40. Qc5 Rd7 41. Kg1 Qb3 42. Qd4 Rd6 43. Qa7+ Kf6 44. Re1 Kg5 45. Qe7+ Rf6 46. h4+ Kxh4 47. Qxf6+ g5 48. Qxh6+ Kg4 49. Qh3+ 1-0

[Event "Quebec-ch U18"]
[Site "Montreal CAN"]
[Date "2008.04.20"]
[Round "5"]
[White "Deschenes, Marc-Andre"]
[Black "Ye, Ling Feng"]
[Result "0-1"]
[WhiteElo "1655"]
[BlackElo "2201"]
[PlyCount "46"]
[GameId "2160767910351100"]
[EventDate "2008.04.18"]
[EventType "tourn"]
[EventRounds "5"]
[EventCountry "CAN"]
[SourceTitle "EXT 2011"]
[Source "ChessBase"]
[SourceDate "2011.11.26"]
[SourceVersion "1"]
[SourceVersionDate "2011.11.26"]
[SourceQuality "1"]

1. e4 c5 2. Nf3 e6 3. d4 cxd4 4. Nxd4 Nf6 5. Nc3 d6 6. Be2 a6 7. a4 Nc6 8. Be3 Be7 9. O-O O-O 10. Nb3 b6 11. f4 Qc7 12. Bf3 Rb8 13. Qe2 Rd8 14. Rad1 Bb7 15. Qf2 Nd7 16. g4 Nc5 17. Nxc5 bxc5 18. b3 Nd4 19. Bg2 Qa5 20. Qd2 Qxc3 21. Bxd4 Qxd4+ 22. Qxd4 cxd4 23. Rxd4 d5 0-1

[Event "Quebec-ch U18"]
[Site "Montreal CAN"]
[Date "2008.04.20"]
[Round "5"]
[White "Roy, Myriam"]
[Black "Lepine, Cedric"]
[Result "1-0"]
[WhiteElo "1892"]
[BlackElo "1611"]
[PlyCount "49"]
[GameId "2160767910351102"]
[EventDate "2008.04.18"]
[EventType "tourn"]
[EventRounds "5"]
[EventCountry "CAN"]
[SourceTitle "EXT 2011"]
[Source "ChessBase"]
[SourceDate "2011.11.26"]
[SourceVersion "1"]
[SourceVersionDate "2011.11.26"]
[SourceQuality "1"]

1. e4 Nf6 2. e5 Nd5 3. d4 d6 4. exd6 cxd6 5. Nf3 Bg4 6. Be2 e6 7. h3 Bh5 8. O-O Be7 9. c4 Nb6 10. Bf4 g5 11. Bg3 N8d7 12. Qd3 Bg6 13. Qd2 Rc8 14. Na3 h5 15. Nb5 Nxc4 16. Bxc4 Rxc4 17. Nxd6+ Bxd6 18. Bxd6 g4 19. hxg4 hxg4 20. Nh2 Qb6 21. Bg3 Rxd4 22. Qc3 Rh5 23. Qc8+ Ke7 24. Bc7 Qc6 25. Qd8# 1-0

[Event "Quebec-ch classe"]
[Site "Montreal CAN"]
[Date "2008.10.10"]
[Round "1"]
[White "Houska, Jiri"]
[Black "Libersan, Thierry"]
[Result "0-1"]
[WhiteElo "2230"]
[BlackElo "2049"]
[PlyCount "44"]
[GameId "2160767910303052"]
[EventDate "2008.10.10"]
[EventType "swiss"]
[EventRounds "5"]
[EventCountry "CAN"]
[SourceTitle "FQE 05"]

1. e4 c5 2. Nf3 e6 3. d4 cxd4 4. Nxd4 Nc6 5. Be3 Nf6 6. Bd3 d5 7. Nc3 Bb4 8. exd5 Nxd5 9. Nxc6 bxc6 10. Qg4 O-O 11. O-O f5 12. Qc4 Bxc3 13. bxc3 Nxe3 14. fxe3 Qb6 15. Bxf5 Qxe3+ 16. Kh1 Kh8 17. Qxc6 Rb8 18. Qd6 Bb7 19. Qxe6 Qd2 20. Bh3 Qxc3 21. Qb3 Qe5 22. Rxf8+ Rxf8 0-1

[Event "Quebec-ch classe"]
[Site "Montreal CAN"]
[Date "2008.10.10"]
[Round "1"]
[White "Jiang, Louie"]
[Black "Lacroix, Serge"]
[Result "1-0"]
[WhiteElo "2210"]
[BlackElo "1818"]
[PlyCount "104"]
[GameId "2160767910303053"]
[EventDate "2008.10.10"]
[EventType "swiss"]
[EventRounds "5"]
[EventCountry "CAN"]
[SourceTitle "FQE 05"]

1. e4 c5 2. Nf3 Nc6 3. d4 cxd4 4. Nxd4 Nf6 5. Nc3 d6 6. Be3 e6 7. f3 a6 8. g4 h6 9. Nb3 b5 10. Qd2 Qc7 11. O-O-O Ne5 12. Qf2 Rb8 13. Kb1 Bd7 14. h4 b4 15. Ne2 a5 16. Bh3 Nc4 17. g5 Nxe3 18. Qxe3 Nh5 19. Bg4 g6 20. Bxh5 gxh5 21. Nf4 a4 22. Nd4 a3 23. g6 e5 24. gxf7+ Kxf7 25. Qb3+ Ke8 26. Ng6 Rh7 27. Ne6 Bxe6 28. Qxe6+ Re7 29. Nxe7 Qxe7 30. Rxd6 Qxe6 31. Rxe6+ Kf7 32. Rxe5 axb2 33. Rd5 Bg7 34. Rd7+ Kf8 35. f4 Bf6 36. e5 Be7 37. f5 Ra8 38. f6 Bc5 39. Rf1 Ra6 40. f7 Re6 41. Rd8+ Kg7 42. Rg8+ Kh7 43. f8=Q Bxf8 44. Rgxf8 Rxe5 45. R8f7+ Kg8 46. Rb7 Re4 47. Rd1 Re8 48. Kxb2 Kf8 49. Rdd7 Kg8 50. Rg7+ Kh8 51. Rh7+ Kg8 52. Rbg7+ Kf8 1-0

[Event "Quebec-ch classe"]
[Site "Montreal CAN"]
[Date "2008.10.10"]
[Round "1"]
[White "Le Duin, Thierry"]
[Black "Larochelle, Martial"]
[Result "1-0"]
[WhiteElo "2020"]
[BlackElo "2214"]
[PlyCount "93"]
[GameId "2160767910303055"]
[EventDate "2008.10.10"]
[EventType "swiss"]
[EventRounds "5"]
[EventCountry "CAN"]
[SourceTitle "FQE 05"]

1. d4 Nf6 2. c4 g6 3. Nc3 d5 4. Bf4 Bg7 5. c5 O-O 6. e3 c6 7. Bd3 b6 8. b4 bxc5 9. bxc5 Nfd7 10. Nge2 e5 11. Bg3 h5 12. h3 Re8 13. O-O exd4 14. exd4 Nf8 15. Qa4 Ne6 16. Rab1 Nc7 17. Rb2 Qd7 18. Rfb1 Ba6 19. Bxa6 Nbxa6 20. Rb7 Rab8 21. Rxb8 Rxb8 22. Rxb8+ Nxb8 23. Qxa7 Nba6 24. Qb7 Bf6 25. a4 Bd8 26. Bd6 Kh7 27. a5 Qf5 28. Bxc7 Nxc7 29. a6 Qd3 30. a7 Qd2 31. Kf1 Kg7 32. a8=Q Nxa8 33. Qxa8 Bf6 34. Qa4 h4 35. Qd1 Qb2 36. Na4 Qb5 37. Kg1 Qc4 38. Nb6 Qa2 39. Nd7 Bd8 40. Ne5 Qa6 41. Nc3 f6 42. Nf3 g5 43. Qa4 Qc8 44. Nd1 Qe6 45. Ne3 f5 46. Ne5 f4 47. N3g4 1-0

[Event "Quebec-ch classe"]
[Site "Montreal CAN"]
[Date "2008.10.10"]
[Round "1"]
[White "Rainfray, Arnaud"]
[Black "Forget, Luc"]
[Result "1-0"]
[WhiteElo "2397"]
[BlackElo "2207"]
[PlyCount "75"]
[GameId "2160767910303056"]
[EventDate "2008.10.10"]
[EventType "swiss"]
[EventRounds "5"]
[EventCountry "CAN"]
[SourceTitle "FQE 05"]

1. e4 e5 2. Nf3 Nc6 3. Bc4 Bc5 4. c3 Nf6 5. d3 O-O 6. O-O d6 7. Nbd2 a6 8. Bb3 Bg4 9. Re1 Qd7 10. Nf1 Bxf3 11. Qxf3 Qg4 12. Ng3 Ne7 13. Be3 Qxf3 14. gxf3 g6 15. d4 Ba7 16. Rad1 Kg7 17. Kg2 h6 18. f4 Nc6 19. dxe5 dxe5 20. fxe5 Nxe5 21. Bxa7 Rxa7 22. f4 Nc6 23. e5 Ng8 24. Rd7 b5 25. f5 gxf5 26. Nxf5+ Kh8 27. Rxf7 Rxf7 28. Bxf7 Nge7 29. Nxe7 Nxe7 30. Kf3 Kg7 31. Bh5 c6 32. Ke4 Rd7 33. Rg1+ Kh8 34. Rf1 Nd5 35. e6 Rg7 36. Rf8+ Kh7 37. Bf3 Ne7 38. Kd4 1-0

[Event "Quebec-ch classe"]
[Site "Montreal CAN"]
[Date "2008.10.10"]
[Round "1"]
[White "Ramaswamy, Kishor"]
[Black "Barbeau, Sylvain"]
[Result "0-1"]
[WhiteElo "2187"]
[BlackElo "2364"]
[PlyCount "72"]
[GameId "2160767910303057"]
[EventDate "2008.10.10"]
[EventType "swiss"]
[EventRounds "5"]
[EventCountry "CAN"]
[SourceTitle "FQE 05"]

1. d4 Nf6 2. Nf3 g6 3. Bg5 Bg7 4. Nbd2 d6 5. c3 Nbd7 6. e4 h6 7. Bh4 g5 8. Bg3 Nh5 9. Be2 Nxg3 10. hxg3 c5 11. O-O O-O 12. Re1 Nf6 13. dxc5 dxc5 14. Bf1 Qc7 15. Nc4 Ng4 16. Ne3 Nxe3 17. Rxe3 Be6 18. Nd2 Rfd8 19. Qc2 a6 20. a4 Rd7 21. Rd3 Rad8 22. Rd1 Rxd3 23. Bxd3 Bd7 24. Bc4 Bc6 25. Kh2 e6 26. f3 Be5 27. Nf1 Rxd1 28. Qxd1 Kg7 29. Kh3 Qa5 30. Bb3 c4 31. Bxc4 Bxa4 32. Qa1 b5 33. Bb3 Qb6 34. Bxa4 Qg1 35. f4 h5 36. g4 Bxf4 0-1

[Event "Quebec-ch classe"]
[Site "Montreal CAN"]
[Date "2008.10.11"]
[Round "2"]
[White "Barbeau, Sylvain"]
[Black "Jiang, Louie"]
[Result "1-0"]
[WhiteElo "2364"]
[BlackElo "2210"]
[PlyCount "67"]
[GameId "2160767910303058"]
[EventDate "2008.10.10"]
[EventType "swiss"]
[EventRounds "5"]
[EventCountry "CAN"]
[SourceTitle "FQE 05"]

1. e4 c5 2. Nf3 d6 3. Bb5+ Bd7 4. Bxd7+ Qxd7 5. c4 Qg4 6. O-O Qxe4 7. d4 cxd4 8. Nxd4 Nc6 9. Nb5 O-O-O 10. Be3 a6 11. Na7+ Nxa7 12. Bxa7 Nf6 13. Nc3 Qc6 14. Nd5 Nd7 15. b4 b6 16. b5 Qb7 17. Bxb6 Nxb6 18. bxa6 Qxa6 19. Nxb6+ Qxb6 20. Qa4 Rd7 21. Rab1 Qa7 22. Qc6+ Kd8 23. Rb6 Rc7 24. Qb5 e5 25. Rb1 Rd7 26. Qd5 Ke8 27. Rb8+ Ke7 28. R1b7 Qxa2 29. g3 Rxb7 30. Rxb7+ Kf6 31. Rxf7+ Kg6 32. Qe6+ Kh5 33. Rf5+ g5 34. Qf7+ 1-0

[Event "Quebec-ch classe"]
[Site "Montreal CAN"]
[Date "2008.10.11"]
[Round "2"]
[White "Forget, Luc"]
[Black "Anastasovski, Nikola"]
[Result "0-1"]
[WhiteElo "2207"]
[BlackElo "2088"]
[PlyCount "48"]
[GameId "2160767910303059"]
[EventDate "2008.10.10"]
[EventType "swiss"]
[EventRounds "5"]
[EventCountry "CAN"]
[SourceTitle "FQE 05"]

1. d4 f5 2. g3 e6 3. Bg2 Nf6 4. Nf3 d5 5. O-O Be7 6. c4 O-O 7. Nc3 Ne4 8. Ne5 c6 9. Qc2 Nd7 10. Nxd7 Bxd7 11. Bf4 Rc8 12. Rad1 Qa5 13. a3 Nxc3 14. bxc3 dxc4 15. h4 b6 16. e4 c5 17. exf5 cxd4 18. Rxd4 Ba4 19. Qe2 Qxf5 20. Rfd1 Bf6 21. g4 Qa5 22. Qxe6+ Kh8 23. Rxc4 Rce8 24. Rc8 Rxc8 0-1

[Event "Quebec-ch classe"]
[Site "Montreal CAN"]
[Date "2008.10.11"]
[Round "2"]
[White "Larochelle, Martial"]
[Black "Fareh, Youness"]
[Result "1-0"]
[WhiteElo "2214"]
[BlackElo "2175"]
[PlyCount "117"]
[GameId "2160767910311252"]
[EventDate "2008.10.10"]
[EventType "swiss"]
[EventRounds "5"]
[EventCountry "CAN"]
[SourceTitle "FQE 05"]

1. c4 Nf6 2. Nf3 g6 3. Nc3 Bg7 4. e4 d6 5. d4 O-O 6. Be2 e5 7. d5 Bg4 8. Bg5 Nbd7 9. b4 a5 10. a3 axb4 11. axb4 h6 12. Be3 Nh5 13. O-O f5 14. Nd2 Bxe2 15. Nxe2 Rxa1 16. Qxa1 f4 17. Ba7 b6 18. f3 g5 19. Nb3 Qe7 20. Qc3 Ra8 21. Ra1 g4 22. c5 dxc5 23. bxc5 Nxc5 24. Nxc5 Qxc5+ 25. Qxc5 bxc5 26. Nc3 Bf8 27. Nb5 c4 28. Rc1 gxf3 29. gxf3 Rxa7 30. Nxa7 Bc5+ 31. Kg2 Bxa7 32. Rxc4 Bb6 33. Rc6 Ba5 34. Rc5 Bb6 35. Rc6 Ba5 36. Rxh6 Ng7 37. Kh3 Bb4 38. Kg4 Kf7 39. h4 Ne8 40. Ra6 Nf6+ 41. Kf5 Bd6 42. Ra8 Kg7 43. Ra2 Nh5 44. Kg5 Ng3 45. Ra8 Nf1 46. h5 Nh2 47. h6+ Kh7 48. Kh5 Nxf3 49. Rd8 Bb4 50. Rd7+ Kg8 51. Rxc7 Ba5 52. Ra7 Bb4 53. Rb7 Bd6 54. Rd7 Bb4 55. d6 Ba5 56. Rc7 Kh8 57. h7 Nd4 58. Kh6 Ne6 59. Re7 1-0

[Event "Quebec-ch classe"]
[Site "Montreal CAN"]
[Date "2008.10.11"]
[Round "2"]
[White "Masse, Hugues"]
[Black "Rainfray, Arnaud"]
[Result "1/2-1/2"]
[WhiteElo "2255"]
[BlackElo "2397"]
[PlyCount "134"]
[GameId "2160767910311254"]
[EventDate "2008.10.10"]
[EventType "swiss"]
[EventRounds "5"]
[EventCountry "CAN"]
[SourceTitle "FQE 05"]

1. d4 d5 2. c4 e6 3. Nc3 Bb4 4. Nf3 Nf6 5. cxd5 exd5 6. Bg5 h6 7. Bh4 g5 8. Bg3 Ne4 9. Rc1 h5 10. h4 g4 11. Qa4+ Nc6 12. Ne5 Bxc3+ 13. bxc3 Qf6 14. e3 Nxg3 15. fxg3 O-O 16. Nd3 Ne7 17. Nf4 Nf5 18. Kf2 Nd6 19. Bd3 c6 20. Qc2 Re8 21. Rce1 Bd7 22. Kg1 Re7 23. Nxh5 Qh6 24. Nf4 Rae8 25. Qf2 Qf6 26. Nh5 Qxf2+ 27. Kxf2 Re6 28. Re2 Rh6 29. Nf4 Bf5 30. Bxf5 Nxf5 31. Rc1 Nd6 32. Kg1 Nf5 33. Kf2 Kg7 34. Rcc2 Re7 35. Re1 Rh8 36. Nd3 f6 37. Nc5 Rhe8 38. Rce2 Nd6 39. Kg1 b6 40. Nd3 Ne4 41. Kh2 Nxc3 42. Rc2 Nb5 43. a4 Nxd4 44. exd4 Rxe1 45. Nxe1 Rxe1 46. Rxc6 Rd1 47. a5 bxa5 48. Ra6 Rxd4 49. Rxa5 Rd1 50. Rxa7+ Kg6 51. Ra4 d4 52. Ra5 Kf7 53. Ra6 d3 54. h5 d2 55. Rd6 Kg7 56. Rd7+ Kh6 57. Rd5 f5 58. Rd4 Kxh5 59. Rd5 Re1 60. Rxd2 Kg5 61. Rd6 Re3 62. Ra6 Re5 63. Rb6 f4 64. gxf4+ Kxf4 65. Rb4+ Kg5 66. Rb8 Kf4 67. Rf8+ Kg5 1/2-1/2

[Event "Quebec-ch classe"]
[Site "Montreal CAN"]
[Date "2008.10.11"]
[Round "2"]
[White "Trinh, Tri Bao"]
[Black "Le Duin, Thierry"]
[Result "1/2-1/2"]
[WhiteElo "2054"]
[BlackElo "2020"]
[PlyCount "50"]
[GameId "2160767910311255"]
[EventDate "2008.10.10"]
[EventType "swiss"]
[EventRounds "5"]
[EventCountry "CAN"]
[SourceTitle "FQE 05"]

1. c4 e5 2. Nc3 Nf6 3. Nf3 Nc6 4. g3 d5 5. cxd5 Nxd5 6. Bg2 Be6 7. O-O Be7 8. d4 Nxc3 9. bxc3 exd4 10. Nxd4 Nxd4 11. cxd4 c6 12. e4 O-O 13. d5 cxd5 14. exd5 Bf5 15. Be3 Bd6 16. Qb3 Qd7 17. Rac1 a6 18. a4 Rfc8 19. a5 Rxc1 20. Rxc1 Rc8 21. Rxc8+ Qxc8 22. Qb6 Qc7 23. Qxc7 Bxc7 24. d6 Bxd6 25. Bxb7 Bd3 1/2-1/2

[Event "Quebec-ch classe"]
[Site "Montreal CAN"]
[Date "2008.10.11"]
[Round "3"]
[White "Anastasovski, Nikola"]
[Black "Larochelle, Martial"]
[Result "1/2-1/2"]
[WhiteElo "2088"]
[BlackElo "2214"]
[PlyCount "59"]
[GameId "2160767910311256"]
[EventDate "2008.10.10"]
[EventType "swiss"]
[EventRounds "5"]
[EventCountry "CAN"]
[SourceTitle "FQE 05"]

1. e4 c5 2. c4 Nc6 3. Nc3 g6 4. g3 Bg7 5. Bg2 Nf6 6. d3 O-O 7. Be3 d6 8. h3 a6 9. Qd2 Rb8 10. f4 Bd7 11. Nge2 b5 12. O-O Ne8 13. Rae1 Nc7 14. f5 Nd4 15. g4 Nxe2+ 16. Rxe2 Bc6 17. b3 Qd7 18. Ref2 Be5 19. Ne2 gxf5 20. Bh6 fxg4 21. Rf5 Ne6 22. Bxf8 Rxf8 23. Qh6 f6 24. Rh5 Rf7 25. Rh4 Rg7 26. Rxg4 Rxg4 27. hxg4 Ng5 28. Qh4 bxc4 29. bxc4 Qb7 30. Ng3 1/2-1/2

[Event "Quebec-ch classe"]
[Site "Montreal CAN"]
[Date "2008.10.11"]
[Round "3"]
[White "Fareh, Youness"]
[Black "Forget, Luc"]
[Result "1-0"]
[WhiteElo "2175"]
[BlackElo "2207"]
[PlyCount "83"]
[GameId "2160767910311257"]
[EventDate "2008.10.10"]
[EventType "swiss"]
[EventRounds "5"]
[EventCountry "CAN"]
[SourceTitle "FQE 05"]

1. Nf3 Nf6 2. g3 d5 3. c4 c6 4. d4 e6 5. Bg2 Be7 6. O-O O-O 7. b3 b6 8. Bb2 Bb7 9. Nbd2 Nbd7 10. Ne5 Rc8 11. Rc1 Re8 12. e3 Nf8 13. f4 Qc7 14. g4 Qb8 15. g5 N6d7 16. Qg4 Bd6 17. h4 Re7 18. h5 c5 19. g6 fxg6 20. hxg6 h6 21. Rf2 cxd4 22. exd4 Nf6 23. Qg3 Bb4 24. a3 Bxd2 25. Rxd2 dxc4 26. bxc4 Bxg2 27. Qxg2 Qb7 28. d5 exd5 29. cxd5 Rxc1+ 30. Bxc1 Qc8 31. Rc2 Qf5 32. d6 Re8 33. Rc7 Qe6 34. Qb7 N6d7 35. Bd2 Qxd6 36. Nxd7 Qxg6+ 37. Kf2 Qd6 38. Be3 Nxd7 39. Rxd7 Qf6 40. Qd5+ Kh8 41. Rxg7 Qh4+ 42. Rg3 1-0

[Event "Quebec-ch classe"]
[Site "Montreal CAN"]
[Date "2008.10.11"]
[Round "3"]
[White "Houska, Jiri"]
[Black "Ramaswamy, Kishor"]
[Result "0-1"]
[WhiteElo "2230"]
[BlackElo "2187"]
[PlyCount "104"]
[GameId "2160767910311258"]
[EventDate "2008.10.10"]
[EventType "swiss"]
[EventRounds "5"]
[EventCountry "CAN"]
[SourceTitle "FQE 05"]

1. e4 c6 2. d4 d5 3. exd5 cxd5 4. c4 Nf6 5. Nc3 e6 6. Nf3 Bb4 7. cxd5 Nxd5 8. Bd2 Nc6 9. Bd3 O-O 10. O-O Be7 11. Qe2 Nf6 12. Be3 Nb4 13. Bb1 b6 14. Rd1 Bb7 15. a3 Nbd5 16. Bg5 Rc8 17. Nxd5 Nxd5 18. Bxe7 Qxe7 19. Be4 Nf6 20. Bxb7 Qxb7 21. Rac1 Rc7 22. Nd2 Rfc8 23. Nb3 Qd5 24. Qe3 h6 25. h3 a5 26. Rxc7 Rxc7 27. Rc1 Rxc1+ 28. Nxc1 Qe4 29. Qxe4 Nxe4 30. Nd3 Nd6 31. Ne5 f6 32. Nd7 Nc8 33. b4 axb4 34. axb4 Kf7 35. Kf1 Ke7 36. Nb8 Kd6 37. Ke2 Kc7 38. Na6+ Kb7 39. b5 Nd6 40. Nb4 Nxb5 41. Kd3 Kc7 42. f4 Kd6 43. g4 Nc7 44. Ke4 Nd5 45. Na2 b5 46. f5 b4 47. Nc1 Nc3+ 48. Kd3 exf5 49. gxf5 Kd5 50. Nb3 Nb5 51. h4 h5 52. Ke3 Nd6 0-1

[Event "Quebec-ch classe"]
[Site "Montreal CAN"]
[Date "2008.10.11"]
[Round "3"]
[White "Jiang, Louie"]
[Black "Trinh, Tri Bao"]
[Result "1/2-1/2"]
[WhiteElo "2210"]
[BlackElo "2054"]
[PlyCount "66"]
[GameId "2160767910311259"]
[EventDate "2008.10.10"]
[EventType "swiss"]
[EventRounds "5"]
[EventCountry "CAN"]
[SourceTitle "FQE 05"]

1. e4 c5 2. Nf3 g6 3. d4 cxd4 4. Nxd4 Nc6 5. c4 Nf6 6. Nc3 Nxd4 7. Qxd4 d6 8. Be3 Bg7 9. f3 O-O 10. Qd2 Be6 11. Rc1 Qa5 12. b3 Rfc8 13. Be2 a6 14. Nd5 Qxd2+ 15. Kxd2 Nxd5 16. cxd5 Bd7 17. Rxc8+ Rxc8 18. Rc1 Rxc1 19. Kxc1 f5 20. Kc2 fxe4 21. fxe4 Be5 22. h3 Kf7 23. a4 h5 24. g4 hxg4 25. Bxg4 Bxg4 26. hxg4 e6 27. Kd3 b5 28. g5 exd5 29. exd5 bxa4 30. bxa4 Ke7 31. Kc4 Kd7 32. Kb4 Kc7 33. Bd2 Kb7 1/2-1/2

[Event "Quebec-ch classe"]
[Site "Montreal CAN"]
[Date "2008.10.11"]
[Round "3"]
[White "Libersan, Thierry"]
[Black "Masse, Hugues"]
[Result "0-1"]
[WhiteElo "2049"]
[BlackElo "2255"]
[PlyCount "136"]
[GameId "2160767910311261"]
[EventDate "2008.10.10"]
[EventType "swiss"]
[EventRounds "5"]
[EventCountry "CAN"]
[SourceTitle "FQE 05"]

1. e4 e6 2. d4 d5 3. e5 c5 4. f4 Nc6 5. Nf3 Qb6 6. c3 cxd4 7. cxd4 Nge7 8. Nc3 Nf5 9. Bb5 h5 10. O-O Be7 11. g3 Bd7 12. Bxc6 Bxc6 13. Kg2 O-O-O 14. Rb1 Kb8 15. Qd3 Rc8 16. Bd2 Bd7 17. Rfc1 h4 18. g4 h3+ 19. Kh1 Nh4 20. Ng1 f6 21. Be1 fxe5 22. fxe5 Be8 23. Bxh4 Rxh4 24. Nce2 Rxc1 25. Rxc1 Rxg4 26. Qxh3 Rh4 27. Qc3 Qd8 28. Nf3 Rh6 29. Ng3 Bc6 30. Qb3 Ka8 31. Ne2 g5 32. Rg1 Rh8 33. Qe3 Rg8 34. Rg4 Be8 35. Ng3 Bf7 36. a3 a6 37. b4 Ka7 38. Qc1 Kb8 39. Qe3 Rg6 40. Kg2 Qg8 41. Qb3 Be8 42. Qe3 Rg7 43. Qc1 Bg6 44. Nxg5 Bf5 45. Nxf5 exf5 46. Rg3 Rxg5 47. a4 Rxg3+ 48. hxg3 Bxb4 49. Qb1 Qf8 50. Qb3 Be1 51. Qxd5 Ka7 52. e6 Bb4 53. Qe5 Bd6 54. Qe3 Kb8 55. d5 f4 56. gxf4 Bxf4 57. Qe4 Bd6 58. Qh7 Ka7 59. a5 Bc5 60. Qd3 Qg7+ 61. Kf3 Qf6+ 62. Kg4 Qg7+ 63. Kf3 Qf8+ 64. Kg4 Kb8 65. Qh7 Bd6 66. Qe4 Kc8 67. Kg5 Qg7+ 68. Kh5 Qe5+ 0-1

[Event "Quebec-ch classe"]
[Site "Montreal CAN"]
[Date "2008.10.11"]
[Round "3"]
[White "Rainfray, Arnaud"]
[Black "Barbeau, Sylvain"]
[Result "0-1"]
[WhiteElo "2397"]
[BlackElo "2364"]
[PlyCount "32"]
[GameId "2160767910311262"]
[EventDate "2008.10.10"]
[EventType "swiss"]
[EventRounds "5"]
[EventCountry "CAN"]
[SourceTitle "FQE 05"]

1. e4 e5 2. Nf3 Nc6 3. d4 exd4 4. Bc4 Nf6 5. e5 d5 6. Bb5 Ne4 7. Nxd4 Bc5 8. O-O O-O 9. Bxc6 bxc6 10. Be3 Qe8 11. c3 f6 12. exf6 Rxf6 13. Nd2 Nxd2 14. Qxd2 Qh5 15. Bf4 Rxf4 16. Nxc6 Rf6 0-1

[Event "Quebec-ch classe"]
[Site "Montreal CAN"]
[Date "2008.10.12"]
[Round "4"]
[White "Barbeau, Sylvain"]
[Black "Masse, Hugues"]
[Result "1/2-1/2"]
[Annotator ",user"]
[WhiteElo "2364"]
[BlackElo "2255"]
[PlyCount "103"]
[GameId "2160767739316964"]
[EventDate "2008.10.10"]
[EventType "swiss"]
[EventRounds "5"]
[EventCountry "CAN"]
[SourceTitle "FQE 05"]

1. e4 e6 2. d4 d5 3. e5 c5 4. c3 Nc6 5. Nf3 Bd7 6. Be2 Nge7 7. Na3 cxd4 8. cxd4 Nf5 9. Nc2 Be7 10. O-O O-O 11. Bd3 Rc8 12. g4 Nh4 13. Nxh4 Bxh4 14. f4 f6 15. exf6 Bxf6 16. Be3 g6 17. Kg2 Bg7 18. h3 Qb6 19. Qd2 Rc7 20. b4 a5 21. Rab1 axb4 22. Nxb4 Qa5 23. Nxc6 Qxd2+ 24. Bxd2 Bxc6 25. f5 exf5 26. gxf5 gxf5 27. Bxf5 Kh8 28. Bb4 Ra8 29. Bd6 Rxa2+ 30. Kg3 Rf7 31. Bc5 Re2 32. Ra1 Re3+ 33. Kg2 Re2+ 34. Kg3 Re3+ 35. Kg2 Re8 36. Bg4 Rf6 37. Rfe1 Rxe1 38. Rxe1 Rf4 39. Rd1 Re4 40. Bf5 Re8 41. Kf3 Bb5 42. Rb1 Bc6 43. Bd3 Bh6 44. Bf5 Bf8 45. Kf4 Bh6+ 46. Kf3 Bg7 47. Bd3 Bf8 48. Kf4 Bh6+ 49. Kg4 Bd7+ 50. Kh5 Bg7 51. Rxb7 Bxh3 52. Bb5 {1/2-1/2 (59)} 1/2-1/2

[Event "Quebec-ch classe"]
[Site "Montreal CAN"]
[Date "2008.10.12"]
[Round "4"]
[White "Forget, Luc"]
[Black "Lacroix, Serge"]
[Result "0-1"]
[WhiteElo "2207"]
[BlackElo "1818"]
[PlyCount "54"]
[GameId "2160767910311263"]
[EventDate "2008.10.10"]
[EventType "swiss"]
[EventRounds "5"]
[EventCountry "CAN"]
[SourceTitle "FQE 05"]

1. d4 Nf6 2. c4 d6 3. Nc3 g6 4. e4 Bg7 5. Nf3 O-O 6. Be2 e5 7. O-O Nc6 8. d5 Ne7 9. Ne1 Nd7 10. Nd3 b6 11. Be3 f5 12. f3 Nf6 13. b4 f4 14. Bf2 g5 15. c5 Ng6 16. Rc1 Rf7 17. Qb3 g4 18. Rc2 Bf8 19. Rfc1 gxf3 20. gxf3 Rg7 21. Kh1 Bh3 22. Rg1 Nh5 23. Qb1 Nh4 24. Rxg7+ Bxg7 25. Bxh4 Qxh4 26. Bf1 Bxf1 27. Qxf1 Ng3+ 0-1

[Event "Quebec-ch classe"]
[Site "Montreal CAN"]
[Date "2008.10.12"]
[Round "4"]
[White "Larochelle, Martial"]
[Black "Libersan, Thierry"]
[Result "1/2-1/2"]
[WhiteElo "2214"]
[BlackElo "2049"]
[PlyCount "76"]
[GameId "2160767910311264"]
[EventDate "2008.10.10"]
[EventType "swiss"]
[EventRounds "5"]
[EventCountry "CAN"]
[SourceTitle "FQE 05"]

1. Nf3 Nf6 2. c4 g6 3. Nc3 Bg7 4. e4 d6 5. d4 O-O 6. Be2 e5 7. d5 a5 8. Bg5 h6 9. Bh4 Na6 10. Nd2 Qe8 11. O-O Nh7 12. a3 f5 13. exf5 gxf5 14. Bh5 Qd7 15. f4 e4 16. Qc2 Nf6 17. Be2 Qf7 18. h3 Kh8 19. Rab1 Rg8 20. Bf2 Qg6 21. Kh2 Bd7 22. Nd1 a4 23. Ne3 Nh5 24. g3 Bd4 25. Rg1 Nc5 26. Ndf1 Nf6 27. Rd1 Nb3 28. Nd2 Nxd2 29. Qxd2 Bc5 30. Rdf1 Kh7 31. Nd1 Bxf2 32. Rxf2 h5 33. Qe3 Rg7 34. Nc3 b6 35. Bd1 Kg8 36. Kg2 Kf7 37. Kf1 Qh6 38. Rfg2 Rgg8 1/2-1/2

[Event "Quebec-ch classe"]
[Site "Montreal CAN"]
[Date "2008.10.12"]
[Round "4"]
[White "Le Duin, Thierry"]
[Black "Rainfray, Arnaud"]
[Result "0-1"]
[WhiteElo "2020"]
[BlackElo "2397"]
[PlyCount "130"]
[GameId "2160767910311265"]
[EventDate "2008.10.10"]
[EventType "swiss"]
[EventRounds "5"]
[EventCountry "CAN"]
[SourceTitle "FQE 05"]

1. d4 d5 2. Nf3 Nf6 3. c3 e6 4. Bg5 c5 5. e3 Qb6 6. Qb3 Ne4 7. Bf4 Nc6 8. Nbd2 Nxd2 9. Nxd2 Qa5 10. Qb5 Qd8 11. Nf3 a6 12. Qa4 Bd7 13. Qd1 cxd4 14. exd4 Be7 15. Bd3 O-O 16. O-O b5 17. a3 Na5 18. Ne5 Be8 19. Qh5 h6 20. Qh3 f5 21. Kh1 Nc4 22. Bxc4 bxc4 23. Rae1 Rf6 24. Rg1 g5 25. g4 Bf8 26. gxf5 Rxf5 27. Be3 Ra7 28. f4 Rh7 29. Qh4 Kh8 30. fxg5 hxg5 31. Bxg5 Rxh4 32. Bxd8 Rh6 33. Re2 Bh5 34. Reg2 Kh7 35. Bg5 Bd6 36. Bxh6 Bxe5 37. Bg7 Bf4 38. Rf1 Be3 39. Re1 Bg5 40. Be5 Bf3 41. Kg1 Bxg2 42. Kxg2 Kg6 43. Re2 Bc1 44. Rc2 Bh6 45. b4 cxb3 46. Rb2 Rg5+ 47. Kf3 Rg1 48. Rxb3 Kf5 49. Rb7 Ra1 50. Rf7+ Kg5 51. Re7 Kf5 52. Bd6 Bd2 53. Bb4 a5 54. Bxa5 Rxa3 55. Bb4 Ra6 56. Ke2 Bg5 57. Rh7 Ke4 58. Rh3 Ra2+ 59. Kf1 Be3 60. Bd6 Ra1+ 61. Ke2 Ra2+ 62. Kf1 Rf2+ 63. Ke1 Kd3 64. Bg3 Rf3 65. Rh7 Bd2+ 0-1